000 00699nam a2200133Ia 4500
008 171212s9999 xx 000 0 und d
020 _a9781760460112
245 _ceditor Shellam, Tiffany;Nugent, Maria;Konishi, Shino;Cadzow, Allison
_aBrokers and boundaries
_bColonial exploration in Indigenous territory
260 _bANU E Press
_c2016
440 _aAboriginal History Monographs
650 _aFirst contact of aboriginal peoples with Westerners -- Australia; Aboriginal Australians -- Biography; Aboriginal Australians -- Social conditions; Discoveries in geography -- 19th century; Australia -- Discovery and exploration
650 _aSociology
856 _uhttp://jstor.org/stable/j.ctt1d10hn9
999 _c351020
_d351020